000 00774nam a2200205Ii 4500
003 JO-AjNU
008 230605s9999||||xx |||||||||||||| ||und||
040 _aJO-AjNU
_bara
_erda
_cJO-AjNU
041 _aara
050 1 4 _aBP136.48.I2622 1977
100 3 _aالرازي، أبي محمد عبد الرحمن بن أبي حاتم محمد بن إدريس الحنظلي؛ عناية شكر الله نعمه الله قوجاني,
_eauthor
_912810
245 0 0 _aكتاب المراسيل
250 _aط1
264 3 1 _aسورية: مؤسسة الرسالة، 1977
300 _a292ص
336 _atext
_btxt
_2rdacontent
337 _aunmediated
_bn
_2rdamedia
338 _avolume
_bnc
_2rdacarrier
650 4 _aالحديث المرسل- الحديث- اسناد
_912811
999 _aA3025
_c6593
_d6593